01294nam a2200277 a 4500001001000000003000400010005001700014008004100031040002500072082002500097100003400122245004600156260005500202300002100257590002600278600005900304650003300363651011300396651009600509700004200605910003700647942001400684952017700698952012400875999001700999000013433OSt20240229073935.0091124s1941 dr r 000 s spa d aDO-SdBNPbspacBNPHU 4a972.93053bS211e2221 aSánchez, Juan José93021710aEcos tribunicios /cJuan José Sánchez aSantiago, República Dominicana :bDiario,c1941. a104 p. ;c21 cm. aInventariado, 2018/LP10aTrujillo Molina, Rafael Leónidas,d 1891-1961976764 4aDiscursos dominicanos930689 4aRepública Dominicanav Ensayos, conferencias, etc.- DiscursosxHistoria yEra de Trujillo 1930-1961977230 4aRepública DominicanaxPolítica y gobierno xHistoriayEra de Trujillo, 1930-19619130761 aJiménez, R. Emilio,eintrod.923963 aValidado. Control de calidad MFF 2ddccLBS1 00102ddc718RVaBNPHUbPDcHDd2009-11-24l0oBNPHU PD-RV RD865.4 S211ep13433-10r2020-06-25w2020-06-25yLBS1zPerteneció a la biblioteca personal de Martínez Boog. 00112ddc51718RVaPDbPDcMId2011-07-19iLF1l0oRD865.4 S211ep13433-20r2020-06-25te.2w2020-06-25y1zDedicado. c13059d13059